[Event "BCF-chT3 0102 (4NCL)"]
[Site "Birmingham"]
[Date "2001.09.23"]
[Round "2.8"]
[White "Buckley, Maya"]
[Black "Van Kemenade, Julie"]
[Result "0-1"]
[WhiteElo "1336"]
[BlackElo "1592"]
[PlyCount "64"]
[EventDate "2001.09.??"]
[EventType "team"]
[EventRounds "11"]
[EventCountry "ENG"]
[SourceTitle "EXT 2003"]
[Source "ChessBase"]
[SourceDate "2002.11.25"]
[SourceVersion "1"]
[SourceVersionDate "2002.11.25"]
[SourceQuality "1"]
[WhiteTeam "Bristol II"]
[BlackTeam "White Rose II"]
[WhiteTeamCountry "ENG"]
[BlackTeamCountry "ENG"]

1. d4 Nf6 2. c4 d6 3. Nc3 g6 4. Bg5 Bg7 5. e3 Nbd7 6. Bd3 c6 7. Nge2 0-0 8. 0-0 e5 9. Qc2 Qe8 10. Rfe1 Nh5 11. Ne4 Qe6 12. c5 d5 13. N4g3 Nxg3 14. Nxg3 e4 15. Bf1 f6 16. Bf4 Rf7 17. Rab1 g5 18. Bd6 Bf8 19. Bxf8 Nxf8 20. b4 f5 21. Qe2 f4 22. exf4 gxf4 23. Nh1 Qg6 24. Qb2 Bh3 25. g3 Bxf1 26. Rxf1 f3 27. h3 Qh5 28. Kh2 Rf6 29. g4 Qh4 30. Rg1 Ng6 31. Ng3 Nf4 32. Nh5 Qxh3# 0-1

[Event "BCF-chT3 0102 (4NCL)"]
[Site "Birmingham"]
[Date "2001.09.22"]
[Round "1.8"]
[White "Davis, Lee"]
[Black "Buckley, Maya"]
[Result "1-0"]
[WhiteElo "2060"]
[BlackElo "1336"]
[PlyCount "127"]
[EventDate "2001.09.??"]
[EventType "team"]
[EventRounds "11"]
[EventCountry "ENG"]
[SourceTitle "EXT 2003"]
[Source "ChessBase"]
[SourceDate "2002.11.25"]
[SourceVersion "1"]
[SourceVersionDate "2002.11.25"]
[SourceQuality "1"]
[WhiteTeam "Nidum Knights"]
[BlackTeam "Bristol II"]
[WhiteTeamCountry "ENG"]
[BlackTeamCountry "ENG"]

1. d4 Nf6 2. g3 g6 3. Bg2 Bg7 4. Nf3 0-0 5. 0-0 d5 6. c4 c6 7. Nc3 Na6 8. Qb3 Nc7 9. Bf4 e6 10. Rfd1 Re8 11. Rac1 b6 12. Bxc7 Qxc7 13. cxd5 exd5 14. Nxd5 Nxd5 15. Qxd5 cxd5 16. Rxc7 Rxe2 17. Ng5 Be6 18. Nxe6 fxe6 19. Bh3 Re8 20. Rxa7 Rxb2 21. a3 h5 22. Rb7 e5 23. dxe5 Rxe5 24. Rxd5 Rxd5 25. Be6+ Kh7 26. Bxd5 Rb1+ 27. Kg2 Kh6 28. Be4 Rb2 29. Rd7 Bf8 30. a4 Bc5 31. Rf7 Rb4 32. Bc6 Rb2 33. h4 Rd2 34. Bb5 Bd4 35. Be8 Re2 36. Bd7 Rd2 37. Bc6 Re2 38. Kf1 Ra2 39. Rf4 Bc5 40. Be8 Rd2 41. Rf6 Rd6 42. Rf7 Re6 43. Bb5 Bd4 44. Rd7 Bc5 45. Rd2 Re5 46. Rc2 Bd4 47. f3 Re3 48. Kg2 Rc3 49. Rd2 Bc5 50. g4 hxg4 51. fxg4 Be7 52. g5+ Kg7 53. Rd7 Kf8 54. Bd3 Rc6 55. Kf3 Rd6 56. Rxd6 Bxd6 57. Bxg6 Kg7 58. Bd3 Be7 59. Kg4 Bd8 60. h5 Bxg5 61. Kxg5 Kh8 62. Kf6 Kg8 63. h6 Kh8 64. Ke7 1-0